000
00291 a2200145 4500
001
180794
020
_a
040
_c
Magnum
100
_a
Samaniego
240
1
0
_a
O colar de guizos
_l
por
245
1
0
_a
O colar de guizos
362
0
_a
1899
697
_a
MAGNITO: I/FABULAS
942
_c
BK
999
_c
180794
_d
180794